| 000 | 01280nam a2200325 c 4500 | ||
|---|---|---|---|
| 999 |
_c172418 _d172418 |
||
| 003 | BLK | ||
| 005 | 20240729120203.0 | ||
| 008 | 180411b bul|||||r ||||||| ||bul|| | ||
| 010 | _aKNG00180741000 | ||
| 040 | _aBLK | ||
| 041 |
_aBUL _cBUL |
||
| 080 |
_aБългарска литература _b821.163.2 _x(081.1) _z821.163.2(081.1) |
||
| 080 |
_aБългарска литература _b821.163.2 _x-3 _z821.163.2-3 |
||
| 100 | 1 |
_aРайнов, Николай Иванов _eпърви автор _9364082 |
|
| 139 |
_aРайнов, Николай Иванов _bР 28 |
||
| 245 | 1 | 0 |
_aСъчинения _bВ 5 т. _cНиколай Иванов Райнов; състав. и ред. на том Едвин Стефанов Сугарев. _nТ. 1 |
| 257 | _aBGR | ||
| 260 |
_bБълг. писател _c1989 |
||
| 300 | _c21 см | ||
| 380 | _aX | ||
| 700 |
_aСугарев, Едвин Стефанов _d1953- _9371393 |
||
| 760 | 1 |
_aРайнов, Николай Иванов _d1989 _h544 с. _n8 112 тир. _tТ. 1 |
|
| 852 | _aЦб 160613 | ||
| 856 | 4 | _qpdf | |
| 856 | 4 | _qpdf | |
| 942 |
_cKNG _n0 _013 _s1 |
||
| 944 |
_aCR _c02.09.2015 _lЦветелина Шанова _k30531 |
||
| 944 |
_aED _c13.09.2017 _lф / _kСевдалина_Василева |
||
| 999 | _d172418 | ||